| 000 | 00447nam a22001697a 4500 | ||
|---|---|---|---|
| 005 | 20230112122550.0 | ||
| 008 | 220209b ||||| |||| 00| 0 eng d | ||
| 020 | _a978-93-88194-58-7 | ||
| 041 | _aeng | ||
| 082 | _a615.19 | ||
| 100 |
_aBOTHARA, DR.K.G _94903 |
||
| 245 | _aA TEXTBOOK OF PHARMACEUTICAL ORGANIC CHEMISTRY -II [SEM-II] | ||
| 260 |
_aPUNE _bNIRALI PRAKASHAN |
||
| 300 | _a6.5;p | ||
| 650 |
_aPHARMACY _xB.PHARMA _97083 |
||
| 942 | _cBK | ||
| 999 |
_c7878 _d7876 |
||